R4 Stropkov - západný obchvat technická štúdia

Enregistré dans:
Détails bibliographiques
Auteur principal: Balucha, Erik (Auteur)
Autres auteurs: Bačová, Katarína (Directeur de thèse)
Format: Manuscrit Livre
Langue:slovaque
Publié: 2015
Sujets:
Accès en ligne:http://is.stuba.sk/zp/portal_zp.pl?podrobnosti=109714
https://opac.crzp.sk/?fn=detailBiblioForm&sid=E75B5E22D326BA6A99A497CFFF20
Tags: Ajouter un tag
Pas de tags, Soyez le premier à ajouter un tag!

MARC

LEADER 00000ntm a22000003a 4500
001 stuzp51871
003 SK-STU
005 20231010124511.9
007 ta
008 150427s2015----xo-----f-mn---000-0-slo-d
040 |a STU  |b slo 
041 0 |a slo 
100 1 |a Balucha, Erik  |u 010120  |4 aut  |U SvF Stavebná fakulta  |T SvF Katedra dopravných stavieb  |X 66746  |U V120  |Y 12  |7 A000066746 
242 0 1 |a R4 Stropkov- Technical western bypass study  |y eng 
245 1 0 |a R4 Stropkov - západný obchvat technická štúdia 
260 |c 2015 
650 4 |a Rýchlostná cesta  |2 slo 
650 4 |a Intenzita  |2 slo 
650 4 |a Trasa  |2 slo 
650 4 |a Doprava  |2 slo 
650 4 |a Dopravné vzťahy  |2 slo 
650 4 |a Traffic  |2 eng 
650 4 |a Expressway  |2 eng 
650 4 |a Intensity  |2 eng 
650 4 |a Route  |2 eng 
650 4 |a Transport relations  |2 eng 
700 1 |a Bačová, Katarína  |4 ths  |X 1010  |7 A000001010 
856 4 |u http://is.stuba.sk/zp/portal_zp.pl?podrobnosti=109714 
856 4 |u https://opac.crzp.sk/?fn=detailBiblioForm&sid=E75B5E22D326BA6A99A497CFFF20 
SQL |a stuzp51871  |b DDP  |c SLO  |d R4 Stropkov - západný obchvat technická štúdia  |e 66746  |f Balucha, Erik  |g 010120  |h 1010  |i Bačová, Katarína  |j 20150617  |k 682  |l 01  |m http://is.stuba.sk/zp/portal_zp.pl?podrobnosti=109714  |n I-IKD  |o 5.1.5. inžinierske konštrukcie a dopravné stavby